000 00744nam a2200241 i 4500
001 bg
245 0 0 _aDecyzje marketingowe w przedsiębiorstwie /
_cpod red. Jolanty Mazur ; [aut. Jolanta Mazur et al.].
260 _aWarszawa :
_b"Difin",
_c2002.
300 _a351 s. :
_bil. ;
_c23 cm.
504 _aBibliogr.
650 9 _aDecyzje
_xgospodarka
650 9 _aMarketing strategiczny
650 9 _aPrzedsiębiorstwo
_xorganizacja
700 1 _aMAZUR, Jolanta.
_eRed.
020 _a8372512507
040 _cBPK
041 0 _apl
080 _a658.1/.5.012:339.138
920 _a83-7251-250-7
942 _cKS
008 s pl f |000 0 pol
999 _c41524
_d41524
856 _uhttp://koha.tu.koszalin.pl/cgi-bin/koha/opac-detail.pl?biblionumber=41524
_yKatalog online BPK